101 sahabat nabi (Record no. 104613)

MARC details
000 -LEADER
fixed length control field 00687nam a2200241 i 4500
001 - CONTROL NUMBER
control field C2-0300759
003 - CONTROL NUMBER IDENTIFIER
control field PPAK
005 - DATE AND TIME OF LATEST TRANSACTION
control field 20180728082225.0
008 - FIXED-LENGTH DATA ELEMENTS--GENERAL INFORMATION
fixed length control field 091119s2008 io |||| ||||| | may d
020 ## - INTERNATIONAL STANDARD BOOK NUMBER
International Standard Book Number 9795922033
040 ## - CATALOGING SOURCE
Original cataloging agency PPAK
Language of cataloging eng
Transcribing agency PPAK
Description conventions rda
082 04 - DEWEY DECIMAL CLASSIFICATION NUMBER
Classification number 297.648
Edition number 23
090 00 - LOCALLY ASSIGNED LC-TYPE CALL NUMBER (OCLC); LOCAL CALL NUMBER (RLIN)
Classification number (OCLC) (R) ; Classification number, CALL (RLIN) (NR) 297.648
Feature heading BAS
Feature heading R
100 1# - MAIN ENTRY--PERSONAL NAME
Personal name Bastoni, Hepi Andi,
Relator term author
245 10 - TITLE STATEMENT
Title 101 sahabat nabi
264 #1 - PRODUCTION, PUBLICATION, DISTRIBUTION, MANUFACTURE, AND COPYRIGHT NOTICE
Place of production, publication, distribution, manufacture Jakarta, Indonesia :
Name of producer, publisher, distributor, manufacturer Pustaka Al-Kautsar ,
Date of production, publication, distribution, manufacture, or copyright notice 2008
300 ## - PHYSICAL DESCRIPTION
Extent xxviii, 603 pages ;
Dimensions 25 cm
336 ## - CONTENT TYPE
Source rdacontent
Content type term text
337 ## - MEDIA TYPE
Source rdamedia
Media type term unmediated
338 ## - CARRIER TYPE
Source rdacarrier
Carrier type term volume
650 10 - SUBJECT ADDED ENTRY--TOPICAL TERM
Topical term or geographic name entry element Muhammad, Prophet, d. 632 - Friends and associates.
942 ## - ADDED ENTRY ELEMENTS (KOHA)
-- dc
Koha item type Book
Holdings
Withdrawn Not for loan Current library Shelving location Date acquired Full call number Barcode Date last seen Koha item type
  Not For Loan Perpustakaan Alor Setar Rujukan Dewasa 19/11/2009 R 297.648 BAS A01322441 09/05/2018 Book
  Not For Loan Perpustakaan Awam Sungai Petani Rujukan Dewasa 19/11/2009 R 297.648 BAS A01322442 09/05/2018 Book
  Not For Loan Perpustakaan Baling Rujukan Dewasa 19/11/2009 R 297.648 BAS A01322444 09/05/2018 Book
  Not For Loan Perpustakaan Bandar Baharu Rujukan Dewasa 25/11/2009 R 297.648 BAS A01328753 09/05/2018 Book
  Not For Loan Perpustakaan Jitra Rujukan Dewasa 25/11/2009 R 297.648 BAS A01328751 09/05/2018 Book
  Not For Loan Perpustakaan Merbok Rujukan Dewasa 19/11/2009 R 297.648 BAS A01322445 09/05/2018 Book
  Not For Loan Perpustakaan Pendang Rujukan Dewasa 25/11/2009 R 297.648 BAS A01328755 09/05/2018 Book